书目信息 |
| 题名: |
法律方法论
|
|
| 作者: | 孔祥俊, 著 | |
| 分册: | 第二卷 裁判模式、自由裁量与漏洞填补 | |
| 出版信息: | 北京 人民法院出版社 2006.12 |
|
| 页数: | 1089页 | |
| 开本: | 21cm | |
| 丛书名: | ||
| 单 册: | ||
| 中图分类: | D90 | |
| 科图分类: | ||
| 主题词: | 法律适用--研究 | |
| 电子资源: | ||
| ISBN: | 7-80217-377-9 | |
| 000 | 00885nam0 2200241 450 | |
| 001 | 003390521 | |
| 005 | 20100813153006.84 | |
| 010 | @a7-80217-377-9@dCNY40.00 | |
| 090 | @aD90@bkxj | |
| 100 | @a20100515d2006 em y0chiy50 ea | |
| 101 | 0 | @achi |
| 102 | @aCN@b110000 | |
| 105 | @ay z 000yy | |
| 200 | 1 | @a法律方法论@Afa lu fang fa lun@h第二卷@i裁判模式、自由裁量与漏洞填补@f孔祥俊著@Afa lv fang fa lun |
| 210 | @a北京@c人民法院出版社@d2006.12 | |
| 215 | @a1089页@d21cm | |
| 330 | @a本书内容包括:法律的常规适用与非常规适用、法律适用的形式性与实质性、自由裁量与利益衡量、司法中的政治考量与政治智慧、司法中的学术观点与裁判意见等。 | |
| 517 | 1 | @a裁判模式、自由裁量与漏洞填补@Acai pan mo shi、zi you cai liang yu lou dong tian bu |
| 606 | 0 | @a法律适用@x研究 |
| 690 | @aD90@v4 | |
| 701 | 0 | @a孔祥俊,@Akong xiang jun,@f1965-@4著 |
| 801 | 0 | @c20100515 |
| 905 | @dD90@eK770:2@f3 | |
| 法律方法论.第二卷.裁判模式、自由裁量与漏洞填补/孔祥俊著.-北京:人民法院出版社,2006.12 |
| 1089页;21cm |
| ISBN 7-80217-377-9:CNY40.00 |
| 本书内容包括:法律的常规适用与非常规适用、法律适用的形式性与实质性、自由裁量与利益衡量、司法中的政治考量与政治智慧、司法中的学术观点与裁判意见等。 |
| ● |
| 相关链接 |
|
|
|
正题名:法律方法论
索取号:D90/K770:2
 
预约/预借
| 序号 | 登录号 | 条形码 | 馆藏地/架位号 | 状态 | 备注 |
| 1 | 1028615 | 210286153 | 社科库509/509社科库 80排1列4层/ [索取号:D90/K770:2] | 在馆 | |
| 2 | 1028616 | 210286162 | 社科库509/422社科库 41排3列2层/ [索取号:D90/K770:2] | 在馆 | |
| 3 | 1028617 | 210286171 | 社科库509/422社科库 41排3列2层/ [索取号:D90/K770:2] | 在馆 |